Szczegóły MARC21

Skandal w tekstach kultury /

003 -Nazwa inst., której nr kontr. jest w polu 001 [,]
    • @
    • Nazwa instytucji, której n kontrolny jest w polu 001
    • NUKAT
005 -DATA I CZAS OSTATNIEJ MODYFIKACJI [,]
    • @
    • pole kontrolne
    • 20260410084320.0
020 -Międzynarod. znormalizowany nr książki - ISBN [ , ]
    • a
    • Numer ISBN
    • 9788371817571 Find
    • q
    • Dopowiedzenie
    • całość
020 -Międzynarod. znormalizowany nr książki - ISBN [ , ]
    • a
    • Numer ISBN
    • 9788371817595 Find
    • q
    • Dopowiedzenie
    • tom 2
040 -Instytucja sporządzająca opis [ , ]
    • a
    • Instytucja, która sporządziła opis (NP)
    • KAT U/DB
    • c
    • Instytucja, która sporządziła rekord (NP)
    • KAT U/DB
    • d
    • Instytucja, która zmodyfikowała rekord (P)
    • KAT U/DB
    • d
    • Instytucja, która zmodyfikowała rekord (P)
    • GD U/ISS
    • d
    • Instytucja, która zmodyfikowała rekord (P)
    • WR U/mbos
    • d
    • Instytucja, która zmodyfikowała rekord (P)
    • WA 004/ac
041 -Język dokumentu [0, ]
    • a
    • Język tekstu (P)
    • polski
    • a
    • Język tekstu (P)
    • angielski
    • b
    • Język streszczeń lub abstraktu (P)
    • angielski
942 -Rodzaj dokumentu [ , ]
    • c
    • Rodzaj dokumentu
    • Książka
245 -Strefa tytułu i oznaczenia odpowiedzialności [0,0]
    • a
    • Tytuł
    • Skandal w tekstach kultury / Find
    • c
    • Pozostałe elementy strefy tytułu i oznaczenia odpowiedzialności (NP)
    • red. Marian Ursel [et al.].
246 -Wariant tytułu [1,5]
    • a
    • Tytuł (NP)
    • Scandal in texts of culture
260 -Strefa adresu wydawniczego [ , ]
    • a
    • Miejsce wydania (P)
    • Warszawa :
    • b
    • Nazwa wydawcy (P)
    • Wydawnictwo DiG,
    • c
    • Data wydania (P)
    • 2013.
300 -Strefa opisu fizycznego [ , ]
    • a
    • Określenie formy książki i/lub objętość (NP)
    • 585 s. :
    • b
    • Oznaczenie ilustracji (NP)
    • il. ;
    • c
    • Format (NP)
    • 25 cm.
336 -Typ zawartości [ , ]
    • a
    • Termin opisujący typ zawartości
    • Tekst
    • b
    • Kod określający zawartość
    • txt
    • 2
    • Źródło (terminu i kodu)
    • rdacontent
337 -Typ mediów [ , ]
    • a
    • Tryb odtwarzania
    • Bez urządzenia pośredniczącego
    • b
    • Kod typu mediów
    • n
    • 2
    • Źródło (terminu i kodu)
    • rdamedia
338 -Typ/rodzaj nośnika [ , ]
    • a
    • Hasło opisujące typ nośnika
    • Wolumin
    • b
    • Kod typu nośnika
    • nc
    • 2
    • Źródło (terminu i kodu)
    • rdacarrier
380 -Deskryptor - Forma dzieła (P) [ , ]
    • a
    • forma dzieła (NP)
    • Książki
490 -Strefa serii i książki wielotomowej - forma nie do wyszukiwania [1, ]
    • a
    • Tytuł (P)
    • Tabu-Trend-Transgresja ; Find
    • v
    • Numeracja (P)
    • t. 2
830 -Hasło dodatkowe serii i opisu książki wielotomowej - tytuł ujednolicony/tytuł [ ,0]
    • a
    • Tytuł ujednolicony/tytuł (NP)
    • Tabu-Trend-Transgresja
    • v
    • Oznaczenie tomu (NP)
    • t. 2
    • 9
    • KHW
    • 436106
504 -Uwaga dot. bibliogr. załącznikowej [ , ]
    • a
    • Uwaga dot. bibliografii załącznikowej
    • Indeks.
546 -Uwaga dot. języka [ , ]
    • a
    • Uwaga dot. języka
    • Równoległa strona tyt. w jęz. ang. Tekst częśc. ang. Streszcz. ang. przy pracach.
650 -Hasło przedmiotowe [ ,7]
    • a
    • Hasło przedmiotowe
    • Film
    • 2
    • Źródło terminu
    • DBN
    • 9
    • KHW
    • 722100
650 -Hasło przedmiotowe [ ,7]
    • a
    • Hasło przedmiotowe
    • Literatura
    • 2
    • Źródło terminu
    • DBN
    • 9
    • KHW
    • 721789
650 -Hasło przedmiotowe [ ,7]
    • a
    • Hasło przedmiotowe
    • Skandale i sensacje
    • 2
    • Źródło terminu
    • DBN
    • 9
    • KHW
    • 721996
650 -Hasło przedmiotowe [ ,7]
    • a
    • Hasło przedmiotowe
    • Tematy i motywy
    • 2
    • Źródło terminu
    • DBN
    • 9
    • KHW
    • 721205
650 -Hasło przedmiotowe [ ,7]
    • a
    • Hasło przedmiotowe
    • Skandale
    • x
    • Określnik rzeczowy
    • w mass mediach.
    • 2
    • Źródło terminu
    • kaba
    • 9
    • KHW
    • 380828
650 -Hasło przedmiotowe [ ,7]
    • a
    • Hasło przedmiotowe
    • Skandale
    • x
    • Określnik rzeczowy
    • w literaturze.
    • 2
    • Źródło terminu
    • kaba
    • 9
    • KHW
    • 380827
650 -Hasło przedmiotowe [ ,7]
    • a
    • Hasło przedmiotowe
    • Skandale
    • x
    • Określnik rzeczowy
    • w kinie.
    • 2
    • Źródło terminu
    • kaba
    • 9
    • KHW
    • 436009
650 -Hasło przedmiotowe [ ,7]
    • a
    • Hasło przedmiotowe
    • Tabu.
    • 2
    • Źródło terminu
    • kaba
    • 9
    • KHW
    • 142214
658 -Ujęcie treści [ , ]
    • a
    • dziedzina nauki i sztuki/ sfera aktywności życiowej
    • Kultura i sztuka
658 -Ujęcie treści [ , ]
    • a
    • dziedzina nauki i sztuki/ sfera aktywności życiowej
    • Literaturoznawstwo
700 -Hasło dodatkowe - nazwa osobowa [1, ]
    • a
    • Nazwa osobowa (NP)
    • Ursel, Marian Find
    • d
    • Daty biograficzne (NP)
    • (1950-2026).
    • e
    • Określenie rodzaju współpracy
    • Red.
    • 9
    • KHW
    • 50557
710 -Hasło dodatkowe - nazwa ciała zbiorowego [2, ]
    • a
    • Nazwa ciała zbiorowego lub nazwa geograficzna jako pierwszy element (NP)
    • Wydawnictwo DiG.
    • 4
    • Kod relacji
    • pbl
    • 9
    • KHW
    • 59902
920 -ISBN [ , ]
    • a
    • ISBN
    • 978-83-7181-757-1 Find
    • q
    • Dopowiedzenie
    • całość
920 -ISBN [ , ]
    • a
    • ISBN
    • 978-83-7181-759-5 Find
    • q
    • Dopowiedzenie
    • tom 2
Sygnatura Lokalizacja Data inwentaryzacji Status udost. Numer inwentarzowy
POL. Kultura 11BM2017-12-071P.26282